Dielectric Losses in Hydrogen-Saturated VT1-0 Titanium Induced by Eddy Current Propagation; Technical Physics; Vol. 65, iss. 1

Manylion Llyfryddiaeth
Parent link:Technical Physics
Vol. 65, iss. 1.— 2020.— [P. 93-95]
Prif Awdur: Xu Shupeng
Awdur Corfforaethol: Национальный исследовательский Томский политехнический университет Инженерная школа ядерных технологий Отделение экспериментальной физики
Awduron Eraill: Larionov V. V. Vitaliy Vasilyevich, Lider A. M. Andrey Markovich
Crynodeb:Title screen
Dielectric loss tangent tan? in hydrogen-saturated VT1-0 titanium has been studied in the hydrogen concentration range 190–2000 ppm and eddy current frequency interval 200–1000 kHz. The frequency dependence of tan? has two distinct peaks indicating that hydrogen is nonuniformly distributed along the depth of the titanium sample. It is supposed that this approach can be used to determine the hydrogen concentration in hydrogen-saturated VT1-0 metal.
Режим доступа: по договору с организацией-держателем ресурса
Iaith:Saesneg
Cyhoeddwyd: 2020
Pynciau:
Mynediad Ar-lein:https://doi.org/10.1134/S1063784220010260
Fformat: Electronig Pennod Llyfr
KOHA link:https://koha.lib.tpu.ru/cgi-bin/koha/opac-detail.pl?biblionumber=663691

MARC

LEADER 00000naa0a2200000 4500
001 663691
005 20250712062929.0
035 |a (RuTPU)RU\TPU\network\34861 
090 |a 663691 
100 |a 20210226d2020 k||y0rusy50 ba 
101 0 |a eng 
135 |a drcn ---uucaa 
181 0 |a i  
182 0 |a b 
200 1 |a Dielectric Losses in Hydrogen-Saturated VT1-0 Titanium Induced by Eddy Current Propagation  |d Диэлектрические потери в насыщенном водородом титане ВТ1-0, вызванные распространением вихревых токов  |f Xu Shupeng, V. V. Larionov, A. M. Lider 
203 |a Text  |c electronic 
300 |a Title screen 
320 |a [References: 13 tit.] 
330 |a Dielectric loss tangent tan? in hydrogen-saturated VT1-0 titanium has been studied in the hydrogen concentration range 190–2000 ppm and eddy current frequency interval 200–1000 kHz. The frequency dependence of tan? has two distinct peaks indicating that hydrogen is nonuniformly distributed along the depth of the titanium sample. It is supposed that this approach can be used to determine the hydrogen concentration in hydrogen-saturated VT1-0 metal. 
333 |a Режим доступа: по договору с организацией-держателем ресурса 
461 |t Technical Physics 
463 |t Vol. 65, iss. 1  |v [P. 93-95]  |d 2020 
510 1 |a Диэлектрические потери в насыщенном водородом титане ВТ1-0, вызванные распространением вихревых токов  |z rus 
610 1 |a электронный ресурс 
610 1 |a труды учёных ТПУ 
700 0 |a Xu Shupeng 
701 1 |a Larionov  |b V. V.  |c physicist  |c Professor of Tomsk Polytechnic University, Doctor of Pedagogical Sciences  |f 1945-  |g Vitaliy Vasilyevich  |3 (RuTPU)RU\TPU\pers\30307  |9 14653 
701 1 |a Lider  |b A. M.  |c Physicist  |c Professor of Tomsk Polytechnic University, Doctor of Technical Sciences  |f 1976-2025  |g Andrey Markovich  |y Tomsk  |3 (RuTPU)RU\TPU\pers\30400  |9 14743 
712 0 2 |a Национальный исследовательский Томский политехнический университет  |b Инженерная школа ядерных технологий  |b Отделение экспериментальной физики  |3 (RuTPU)RU\TPU\col\23549 
801 2 |a RU  |b 63413507  |c 20210226  |g RCR 
850 |a 63413507 
856 4 |u https://doi.org/10.1134/S1063784220010260 
942 |c CF